000 00389nam a2200157 4500
005 20260313114950.0
008 CUC123
020 _a9780324180077
050 _aHG 4521 MAY
_b1
100 _aMAYO B. HERBERT
245 _aINVESTMENT:AN INTRODUCTION
_bWITH INVESTMENT ANALYSIS CALCULATOR CD
250 _a7th
260 _aAUSTRALIA
_bTHOMSON
_c2003
300 _aXX,844p
942 _2lcc
_cBK
_n0
999 _c9014
_d9014